Angielski - Statystyki

Ogólne statystyki
  • Ten quiz został rozwiązany 250 razy
  • Średni wynik to 8 z 15
Statystyki odpowiedzi
Polski Angielski % Poprawnych
ty you
99%
jeść eat
94%
skakać jump
94%
twarz face
86%
subskrybuj subscribe
76%
kość bone
68%
leniwy lazy
67%
szczur rat
66%
śnieżnie snowy
49%
być to be
41%
wysiadać get off
26%
lodowiec iceberg
26%
lawina avalanche
18%
kreda chalk
14%
być może perhaps
12%
Nie znaleziono quizów pasujących do podanych kryteriów
Rozkład punktacji
Procent ludzi z każdym wynikiem
Percentyl według liczby udzielonych odpowiedzi
Twoja historia wyników
Nie rozwiązałeś tego quizu